| 000 | 00475nam a2200169 i 4500 | ||
|---|---|---|---|
| 001 | bg | ||
| 245 | 0 |
_aTensile structures : _bdesign, structure and calculation of buidings of cables, nets and membranes / _ced. by Frei Otto. |
|
| 260 |
_aCambridge : _bMIT Press, _c1973. |
||
| 700 | 1 | _aOTTO, Frei | |
| 020 | _a0262650053 | ||
| 040 | _cBPK | ||
| 041 | _apol | ||
| 080 | _a624.01/.07 | ||
| 920 | _a0-262-65005-3 | ||
| 942 | _cKS | ||
| 008 | s pl f |000 0 pol | ||
| 999 |
_c18189 _d18189 |
||
| 856 |
_uhttp://koha.tu.koszalin.pl/cgi-bin/koha/opac-detail.pl?biblionumber=18189 _yKatalog online BPK |
||